[Event "HUN-chT2 Barcza 1819"]
[Site "Hungary"]
[Date "2019.04.28"]
[Round "11.4"]
[White "Mizik, Zsolt"]
[Black "Gyorffy, Peter Pal"]
[Result "1/2-1/2"]
[WhiteElo "1998"]
[BlackElo "1990"]
[PlyCount "37"]
[EventDate "2018.09.23"]
[EventType "team-tourn"]
[EventRounds "11"]
[EventCountry "HUN"]
[SourceTitle "EXT 2021"]
[Source "ChessBase"]
[SourceDate "2020.10.23"]
[SourceVersion "1"]
[SourceVersionDate "2020.10.23"]
[SourceQuality "1"]
[WhiteTeam "Tiszavasvar"]
[BlackTeam "Hajduszoboszlo"]
[WhiteTeamCountry "HUN"]
[BlackTeamCountry "HUN"]

1. e4 Nf6 2. e5 Nd5 3. d4 d6 4. c4 Nb6 5. exd6 exd6 6. Nc3 Be7 7. Be3 Bf6 8. h3 Bf5 9. Nf3 Nc6 10. Be2 a6 11. 0-0 0-0 12. a3 a5 13. Rc1 Re8 14. Re1 Qd7 15. d5 Ne5 16. Nxe5 Bxe5 17. Bd3 Bxd3 18. Qxd3 Bxc3 19. Qxc3 1/2-1/2

[Event "HUN-chT2 Barcza 1718"]
[Site "Hungary"]
[Date "2018.05.06"]
[Round "11.4"]
[White "Gyorffy, Peter Pal"]
[Black "Debreceni, Mate"]
[Result "0-1"]
[WhiteElo "1974"]
[BlackElo "2039"]
[PlyCount "44"]
[EventDate "2017.09.24"]
[EventType "team-tourn"]
[EventRounds "11"]
[EventCountry "HUN"]
[SourceTitle "EXT 2021"]
[Source "ChessBase"]
[SourceDate "2020.10.23"]
[SourceVersion "1"]
[SourceVersionDate "2020.10.23"]
[SourceQuality "1"]
[WhiteTeam "Bajnok Sakkiskola"]
[BlackTeam "Debrecen Sakkbaratok"]
[WhiteTeamCountry "HUN"]
[BlackTeamCountry "HUN"]

1. d4 Nf6 2. Bf4 g6 3. e3 Bg7 4. Nf3 0-0 5. h3 d6 6. Be2 c5 7. c3 Qb6 8. Qb3 Qxb3 9. axb3 Nc6 10. Nbd2 cxd4 11. exd4 e5 12. dxe5 dxe5 13. Be3 Nd5 14. Bc5 Rd8 15. Bb5 e4 16. Ng5 Nf4 17. Ndxe4 h6 18. Nxf7 Kxf7 19. Nd6+ Kg8 20. Bc4+ Be6 21. Nxb7 Bxc4 22. bxc4 Rd7 0-1

[Event "HUN-chT2 Barcza 1617"]
[Site "Hungary"]
[Date "2016.10.30"]
[Round "3.8"]
[White "Gyorffy, Peter Pal"]
[Black "Pribelszky, Bence"]
[Result "1-0"]
[WhiteElo "1999"]
[BlackElo "2064"]
[PlyCount "89"]
[EventDate "2016.09.25"]
[EventType "team-tourn"]
[EventRounds "11"]
[EventCountry "HUN"]
[SourceTitle "EXT 2021"]
[Source "ChessBase"]
[SourceDate "2020.10.23"]
[SourceVersion "1"]
[SourceVersionDate "2020.10.23"]
[SourceQuality "1"]
[WhiteTeam "Bajnok Sakkiskola"]
[BlackTeam "Miskolc Kisbocsok"]
[WhiteTeamCountry "HUN"]
[BlackTeamCountry "HUN"]

1. e4 c5 2. Nc3 Nc6 3. g3 d6 4. Bg2 g6 5. Nge2 Bg7 6. d3 e6 7. Be3 Nd4 8. 0-0 Ne7 9. Qd2 0-0 10. Bh6 Nec6 11. Bxg7 Kxg7 12. Nxd4 Nxd4 13. Ne2 e5 14. c3 Nxe2+ 15. Qxe2 f5 16. f4 Re8 17. Qf3 Qb6 18. Rf2 Qc6 19. Raf1 fxe4 20. Qxe4 Qxe4 21. Bxe4 Rf8 22. fxe5 Rxf2 23. Rxf2 dxe5 24. Bd5 Bf5 25. Bxb7 Rd8 26. Be4 Bxe4 27. dxe4 Rd1+ 28. Kg2 Re1 29. Kf3 Kf6 30. Kg4+ Kg7 31. Kf3 Kf6 32. Re2 Ra1 33. Ke3 Rxa2 34. Kd3 Ra4 35. b3 c4+ 36. bxc4 Ra1 37. c5 Ke6 38. Kc4 Rd1 39. Ra2 Rd7 40. Ra6+ Ke7 41. c6 Rd8 42. Rxa7+ Kd6 43. Rd7+ Rxd7 44. cxd7 Kxd7 45. Kd5 1-0

[Event "HUN-chT2 Barcza 1415"]
[Site "Hungary"]
[Date "2014.09.21"]
[Round "?"]
[White "Szuhai, Beata Barbara"]
[Black "Gyorffy, Peter Pal"]
[Result "0-1"]
[WhiteElo "1631"]
[BlackElo "1926"]
[PlyCount "50"]
[EventDate "2014.09.07"]
[EventType "team-tourn"]
[EventRounds "11"]
[EventCountry "HUN"]
[SourceTitle "EXT 2016"]
[Source "ChessBase"]
[SourceDate "2015.10.08"]
[SourceVersion "1"]
[SourceVersionDate "2015.10.08"]
[SourceQuality "1"]
[WhiteTeam "Edeleny"]
[BlackTeam "Hajduszoboszlo"]
[WhiteTeamCountry "HUN"]
[BlackTeamCountry "HUN"]

1. e4 Nf6 2. Nc3 d5 3. e5 d4 4. exf6 dxc3 5. bxc3 exf6 6. Bc4 c5 7. Ba3 Qa5 8. Qe2+ Be7 9. Bb5+ Kd8 10. Qd3+ Bd7 11. Bxd7 Nxd7 12. Bb2 Qb6 13. Rb1 Qc6 14. Kf1 c4 15. Qf3 Rc8 16. Bc1 b6 17. Qxc6 Rxc6 18. Nf3 Rc5 19. Ba3 Ra5 20. Bxe7+ Kxe7 21. Rb2 Kd6 22. Nd4 Re8 23. f3 Nb8 24. Rb4 Rxa2 25. Rxc4 Ra1+ 0-1

[Event "Gyor op-B 5th"]
[Site "Gyor"]
[Date "2014.07.11"]
[Round "4"]
[White "Rancso, Mark"]
[Black "Gyorffy, Peter Pal"]
[Result "0-1"]
[WhiteElo "1779"]
[BlackElo "1843"]
[PlyCount "86"]
[EventDate "2014.07.09"]
[EventType "swiss"]
[EventRounds "9"]
[EventCountry "HUN"]
[SourceTitle "EXT 2016"]
[Source "ChessBase"]
[SourceDate "2015.10.08"]
[SourceVersion "1"]
[SourceVersionDate "2015.10.08"]
[SourceQuality "1"]

1. d4 d5 2. Nf3 Nf6 3. c4 c6 4. Nc3 e6 5. Bf4 Bd6 6. Bxd6 Qxd6 7. e3 0-0 8. Be2 b6 9. 0-0 Ba6 10. Qa4 dxc4 11. e4 Qc7 12. Rac1 b5 13. Qc2 Nbd7 14. e5 Nd5 15. Ng5 g6 16. Nce4 c5 17. Bg4 Qc6 18. Qd2 cxd4 19. Qxd4 Qb6 20. Qxb6 N5xb6 21. f4 h6 22. Nh3 Nd5 23. Bf3 Rad8 24. g3 Nb4 25. a3 Nd3 26. Rc2 N7c5 27. Nxc5 Nxc5 28. Nf2 Rd4 29. b4 Nd3 30. Be2 Rfd8 31. Bxd3 cxd3 32. Rd2 Bb7 33. Rc1 Rc4 34. Rcd1 Bf3 35. Rxd3 Rxd3 36. Rxd3 Rc1+ 37. Nd1 Rxd1+ 38. Rxd1 Bxd1 39. Kf2 Kf8 40. Ke3 Ke7 41. Kd4 Kd7 42. Kc5 Be2 43. h3 h5 0-1

[Event "Gyor op-B 5th"]
[Site "Gyor"]
[Date "2014.07.10"]
[Round "3"]
[White "Gyorffy, Peter Pal"]
[Black "Kukel, Imre"]
[Result "1-0"]
[WhiteElo "1843"]
[BlackElo "1851"]
[PlyCount "111"]
[EventDate "2014.07.09"]
[EventType "swiss"]
[EventRounds "9"]
[EventCountry "HUN"]
[SourceTitle "EXT 2016"]
[Source "ChessBase"]
[SourceDate "2015.10.08"]
[SourceVersion "1"]
[SourceVersionDate "2015.10.08"]
[SourceQuality "1"]

1. b3 e5 2. e3 d5 3. Bb2 Bd6 4. f4 Qe7 5. Nf3 Bg4 6. fxe5 Bxe5 7. Bxe5 Bxf3 8. Qxf3 Qxe5 9. Nc3 Nf6 10. Be2 0-0 11. 0-0 c6 12. Qf4 Nbd7 13. Qxe5 Nxe5 14. Rf5 Ned7 15. Raf1 Rad8 16. R5f4 Nc5 17. Bd3 Rd6 18. h3 Rfd8 19. Be2 Ne6 20. R4f2 b5 21. Bd3 Nc5 22. Rf4 Nxd3 23. cxd3 R8d7 24. d4 Nh5 25. R4f3 Rf6 26. Ne2 Rxf3 27. gxf3 f5 28. Rc1 Rd6 29. Kf2 Kf7 30. a4 a6 31. Ra1 Rh6 32. b4 Nf6 33. axb5 axb5 34. Kg2 Nd7 35. Ra6 Rg6+ 36. Kf2 Rd6 37. Nc3 Ke6 38. Ne2 g5 39. Nc1 Nb8 40. Rb6 Nd7 41. Ra6 Nb8 42. Ra8 Rd8 43. Nd3 h5 44. Nc5+ Ke7 45. Ra7+ Nd7 46. Rc7 Kd6 47. Ra7 Ke7 48. d3 h4 49. e4 dxe4 50. dxe4 fxe4 51. fxe4 Ke8 52. Rxd7 Rxd7 53. Nxd7 Kxd7 54. Kf3 Ke6 55. Kg4 Kf6 56. Kh5 1-0

[Event "HUN-ch U18"]
[Site "Balatonlelle"]
[Date "2014.06.28"]
[Round "9"]
[White "Farkas, Richard"]
[Black "Gyorffy, Peter Pal"]
[Result "1-0"]
[WhiteElo "2306"]
[BlackElo "1843"]
[PlyCount "61"]
[EventDate "2014.06.20"]
[EventType "swiss"]
[EventRounds "9"]
[EventCountry "HUN"]
[SourceTitle "EXT 2024"]
[Source "ChessBase"]
[SourceDate "2023.10.10"]
[SourceVersion "1"]
[SourceVersionDate "2023.10.10"]
[SourceQuality "1"]

1. e4 c5 2. Nf3 Nc6 3. Nc3 d6 4. Bb5 Bd7 5. Bxc6 Bxc6 6. d4 cxd4 7. Qxd4 h6 8. g4 Nf6 9. g5 hxg5 10. Bxg5 e6 11. h4 Be7 12. 0-0-0 Qc7 13. Rhe1 b6 14. Bxf6 gxf6 15. Rg1 0-0-0 16. Qd3 Qb7 17. Qc4 Kb8 18. Nd4 Rc8 19. Nxc6+ Rxc6 20. Qd4 Rxh4 21. Rg7 f5 22. Kb1 f6 23. Qa4 Rc8 24. Qb3 Qd7 25. exf5 exf5 26. Nd5 Re4 27. Nxf6 Qe6 28. Nxe4 Qxe4 29. Qd3 Qe5 30. Rf7 Bf6 31. Qxd6+ 1-0

[Event "HUN-ch U18"]
[Site "Balatonlelle"]
[Date "2014.06.24"]
[Round "5"]
[White "Berta, Sandor Martin"]
[Black "Gyorffy, Peter Pal"]
[Result "1-0"]
[WhiteElo "2024"]
[BlackElo "1843"]
[PlyCount "51"]
[EventDate "2014.06.20"]
[EventType "swiss"]
[EventRounds "9"]
[EventCountry "HUN"]
[SourceTitle "EXT 2024"]
[Source "ChessBase"]
[SourceDate "2023.10.10"]
[SourceVersion "1"]
[SourceVersionDate "2023.10.10"]
[SourceQuality "1"]

1. e4 c5 2. Nf3 Nc6 3. d4 cxd4 4. Nxd4 e5 5. Nb5 d6 6. N1c3 a6 7. Na3 b5 8. Nd5 Nge7 9. c4 Nd4 10. Be3 Nxd5 11. cxd5 Be7 12. Bd3 0-0 13. 0-0 f5 14. Bxd4 exd4 15. exf5 Bxf5 16. Nc2 Qb6 17. Bxf5 Rxf5 18. Nxd4 Rf7 19. Ne6 Rc8 20. Qd2 Rf5 21. Rac1 Rc4 22. b3 Rxc1 23. Rxc1 b4 24. g4 Rf7 25. Rc8+ Bf8 26. Qb2 1-0

[Event "HUN-ch U18"]
[Site "Balatonlelle"]
[Date "2014.06.21"]
[Round "2"]
[White "Orosz, Andras1111"]
[Black "Gyorffy, Peter Pal"]
[Result "1-0"]
[WhiteElo "2227"]
[BlackElo "1843"]
[PlyCount "155"]
[EventDate "2014.06.20"]
[EventType "swiss"]
[EventRounds "9"]
[EventCountry "HUN"]
[SourceTitle "EXT 2024"]
[Source "ChessBase"]
[SourceDate "2023.10.10"]
[SourceVersion "1"]
[SourceVersionDate "2023.10.10"]
[SourceQuality "1"]

1. c4 e5 2. Nc3 Nf6 3. g3 d5 4. cxd5 Nxd5 5. Bg2 Nb6 6. Nf3 Nc6 7. 0-0 Be6 8. d3 Be7 9. Be3 Nd5 10. Nxd5 Bxd5 11. a3 a5 12. Rc1 0-0 13. Qc2 f5 14. Nd2 Bxg2 15. Kxg2 Qd5+ 16. f3 Rac8 17. Qb3 Qxb3 18. Nxb3 Rfd8 19. Rc2 Rd5 20. Nd2 Nd4 21. Bxd4 exd4 22. Rfc1 c6 23. Rc4 Re8 24. Kf2 Bf6 25. f4 Rb5 26. R1c2 g6 27. Nf3 Rd5 28. Nd2 Rb5 29. Rc5 Rxc5 30. Rxc5 Bd8 31. Nf3 Bb6 32. Re5 Rxe5 33. Nxe5 Bc7 34. Nf3 c5 35. a4 Bd8 36. h3 Kf7 37. g4 Ke6 38. Kg3 Bf6 39. Nd2 Bd8 40. Kf3 Kd5 41. b3 Ke6 42. Kg3 Bc7 43. Nf3 h6 44. Nh4 Kf6 45. Kf3 Bd6 46. Ng2 Ke6 47. e3 dxe3 48. Kxe3 Be7 49. Ne1 Bf6 50. Nf3 Kd5 51. g5 hxg5 52. fxg5 Be7 53. h4 Bd6 54. Kf2 Be7 55. Kg3 Ke6 56. h5 gxh5 57. Kh4 f4 58. Kxh5 Bf8 59. Kg6 Be7 60. Kh6 Bf8+ 61. Kg6 Be7 62. Kh6 Bf8+ 63. Kh7 Kf5 64. g6 Kf6 65. Nd2 Ke5 66. Kg8 Bh6 67. Nf3+ Kf6 68. Kh7 Bf8 69. Nh4 Kg5 70. Nf3+ Kf6 71. Nh2 Ke5 72. Kg8 Bh6 73. Kf7 Kd4 74. Ng4 f3 75. Nxh6 Ke3 76. Ng4+ Kf4 77. Nf2 Ke3 78. Nh3 1-0

[Event "HUN-chT2 Barcza 1314"]
[Site "Hungary"]
[Date "2013.11.17"]
[Round "5"]
[White "Karacsony, Zsolt"]
[Black "Gyorffy, Peter Pal"]
[Result "0-1"]
[WhiteElo "2057"]
[BlackElo "1776"]
[PlyCount "120"]
[EventDate "2013.09.08"]
[EventType "team-tourn"]
[EventRounds "11"]
[EventCountry "HUN"]
[SourceTitle "EXT 2016"]
[Source "ChessBase"]
[SourceDate "2015.10.08"]
[SourceVersion "1"]
[SourceVersionDate "2015.10.08"]
[SourceQuality "1"]
[WhiteTeam "Sajobabony"]
[BlackTeam "Debrecen EAC"]
[WhiteTeamCountry "HUN"]
[BlackTeamCountry "HUN"]

1. e4 c5 2. c4 Nc6 3. Nc3 e6 4. d3 Nf6 5. Nge2 d5 6. Bg5 dxc4 7. dxc4 Be7 8. Qxd8+ Bxd8 9. f4 e5 10. fxe5 Nxe5 11. Nf4 0-0 12. Be2 Nfg4 13. Bxd8 Rxd8 14. Ncd5 Nc6 15. h3 Nge5 16. 0-0 Nd4 17. Rf2 Nxe2+ 18. Rxe2 Bd7 19. b3 Bc6 20. Rd1 Rd7 21. Red2 Rad8 22. Kf2 Kf8 23. Ke3 b6 24. Rf1 Kg8 25. g4 Rd6 26. Rfd1 Kf8 27. Nd3 Nxd3 28. Rxd3 f6 29. h4 Kf7 30. Rf1 Ke6 31. g5 Rf8 32. Nf4+ Ke5 33. Rxd6 Kxd6 34. Nh5 Re8 35. Nxg7 Rxe4+ 36. Kd3 Rd4+ 37. Kc3 fxg5 38. hxg5 Bd7 39. Nf5+ Bxf5 40. Rxf5 Rg4 41. b4 Rg3+ 42. Kb2 cxb4 43. Rd5+ Kc6 44. Rf5 a5 45. Re5 Rg2+ 46. Kb3 Rg3+ 47. Kb2 Rc3 48. Re7 Rxc4 49. Rxh7 Rg4 50. Rg7 Rg2+ 51. Kb1 Kb5 52. g6 Ka4 53. Rg8 Ka3 54. g7 Rg1+ 55. Kc2 Kxa2 56. Rb8 Rxg7 57. Rxb6 Rc7+ 58. Kd1 Kb3 59. Rh6 a4 60. Rh3+ Rc3 0-1

[Event "HUN-chT2 Barcza 1314"]
[Site "Hungary"]
[Date "2013.10.20"]
[Round "3"]
[White "Kiripolszky, Tamas"]
[Black "Gyorffy, Peter Pal"]
[Result "1/2-1/2"]
[WhiteElo "1888"]
[BlackElo "1776"]
[PlyCount "49"]
[EventDate "2013.09.08"]
[EventType "team-tourn"]
[EventRounds "11"]
[EventCountry "HUN"]
[SourceTitle "EXT 2016"]
[Source "ChessBase"]
[SourceDate "2015.10.08"]
[SourceVersion "1"]
[SourceVersionDate "2015.10.08"]
[SourceQuality "1"]
[WhiteTeam "Hajduszoboszlo"]
[BlackTeam "Debrecen EAC"]
[WhiteTeamCountry "HUN"]
[BlackTeamCountry "HUN"]

1. e4 c5 2. d4 cxd4 3. c3 d5 4. Qxd4 dxe4 5. Qxe4 Nf6 6. Qc2 Nc6 7. Nf3 Bg4 8. Be2 e6 9. Bg5 Be7 10. Nbd2 Nd5 11. Bxe7 Qxe7 12. Bb5 Bxf3 13. Nxf3 0-0 14. Bxc6 bxc6 15. 0-0 Rfd8 16. Rad1 c5 17. Rfe1 Rab8 18. Ne5 Qb7 19. Qe4 Qxb2 20. Nxf7 Rf8 21. Qxe6 Rxf7 22. Qxd5 Qxf2+ 23. Kh1 Kh8 24. h3 Rbf8 25. Re6 1/2-1/2

[Event "Balatonalmadi Pannonia Cup 18th"]
[Site "Balatonalmadi"]
[Date "2013.07.26"]
[Round "4"]
[White "Vincze, Otto"]
[Black "Gyorffy, Peter Pal"]
[Result "1/2-1/2"]
[WhiteElo "1889"]
[BlackElo "1765"]
[PlyCount "39"]
[EventDate "2013.07.24"]
[EventType "swiss"]
[EventRounds "7"]
[EventCountry "HUN"]
[SourceTitle "EXT 2016"]
[Source "ChessBase"]
[SourceDate "2015.10.08"]
[SourceVersion "1"]
[SourceVersionDate "2015.10.08"]
[SourceQuality "1"]

1. e4 c5 2. c3 d5 3. exd5 Qxd5 4. d4 Nc6 5. Nf3 Bf5 6. Be2 e6 7. Na3 cxd4 8. Nb5 0-0-0 9. Nbxd4 Nxd4 10. Qxd4 Qxd4 11. Nxd4 Bg6 12. 0-0 Bd6 13. Be3 a6 14. b4 Ne7 15. Bc4 Nf5 16. Nxf5 Bxf5 17. a4 Be5 18. Rac1 Bd3 19. Bxd3 Rxd3 20. c4 1/2-1/2

[Event "Balatonalmadi Pannonia Cup 18th"]
[Site "Balatonalmadi"]
[Date "2013.07.24"]
[Round "1"]
[White "Gyorffy, Peter Pal"]
[Black "Papp, Tamas"]
[Result "0-1"]
[WhiteElo "1765"]
[BlackElo "2059"]
[PlyCount "66"]
[EventDate "2013.07.24"]
[EventType "swiss"]
[EventRounds "7"]
[EventCountry "HUN"]
[SourceTitle "EXT 2016"]
[Source "ChessBase"]
[SourceDate "2015.10.08"]
[SourceVersion "1"]
[SourceVersionDate "2015.10.08"]
[SourceQuality "1"]

1. d4 e6 2. Nf3 Nf6 3. e3 d5 4. Bd3 Nbd7 5. 0-0 c6 6. b3 Bd6 7. Bb2 0-0 8. Ne5 Qc7 9. f4 Ne4 10. Nd2 f5 11. c4 Nxe5 12. fxe5 Be7 13. Nxe4 dxe4 14. Bc2 Qd8 15. Qd2 b5 16. Rfd1 Bb7 17. a4 bxc4 18. bxc4 Ba6 19. Qc3 Rb8 20. Ba3 Rf7 21. Rdb1 Rxb1+ 22. Bxb1 Bxa3 23. Rxa3 c5 24. Ba2 f4 25. Bb1 cxd4 26. exd4 e3 27. Be4 Qh4 28. Ra1 Qf2+ 29. Kh1 e2 30. Bd3 f3 31. gxf3 Qxf3+ 32. Kg1 Qe3+ 33. Kh1 Rf1+ 0-1